| 000 | 01024cam a2200253 4500 | ||
|---|---|---|---|
| 008 | 000000n2000 000 0 eng u | ||
| 020 | _a1902375378 | ||
| 035 | _a(Sirsi) u103516 | ||
| 050 | _a333.332 | ||
| 100 | _aHavard, Tim | ||
| 245 | _aInvestment property valuation today. | ||
| 260 |
_aOxford _bChandos Publishing _c2000 |
||
| 300 | _aix,141p. ; 28cm. | ||
| 350 | _a59.95 | ||
| 520 | _aAimed at practising valuers, the books presents an overview of the main valuation techniques in use today. The second part examines the application of these techniques to current problems such as short leases, break clauses and over-rented investments. NB Reformatted 2002 edition published by Estates Gazette also available (ISBN 0728203936). | ||
| 650 | _aVALUATION TECHNIQUES | ||
| 650 | _aDISCOUNTED CASH FLOW | ||
| 650 | _aSHORT LEASES | ||
| 650 | _aBREAK CLAUSES | ||
| 650 | _aOVER-RENTED PROPERTY | ||
| 650 | _aPROPERTY INVESTMENT | ||
| 690 | _aVALUATION AND INVESTMENT APPRAISAL-COMMERCIAL | ||
| 942 | _n0 | ||
| 999 |
_c100136 _d100136 |
||